[Event "KUW-ch First Stage"]
[Site "Kuwait"]
[Date "2017.12.19"]
[Round "9.9"]
[White "Karkari, Faisal"]
[Black "Alkandari, Adel"]
[Result "1-0"]
[WhiteElo "1266"]
[BlackElo "1158"]
[PlyCount "55"]
[EventDate "2017.12.09"]
[EventType "swiss"]
[EventRounds "9"]
[EventCountry "KUW"]
[SourceTitle "EXT 2024"]
[Source "ChessBase"]
[SourceDate "2023.10.10"]
[SourceVersion "1"]
[SourceVersionDate "2023.10.10"]
[SourceQuality "1"]

1. e4 e5 2. Nf3 Nc6 3. Bc4 Bc5 4. Nc3 Nf6 5. d3 d6 6. Bg5 h6 7. Bxf6 Qxf6 8. Nd5 Qd8 9. a3 a6 10. c3 Bg4 11. h3 Bxf3 12. Qxf3 0-0 13. 0-0 Ne7 14. Rad1 Nxd5 15. Bxd5 c6 16. Ba2 Qe7 17. Rfe1 b5 18. d4 Bb6 19. dxe5 dxe5 20. Qf5 Rad8 21. Rxd8 Rxd8 22. Qf3 Rd2 23. Re2 Rd1+ 24. Kh2 Qd7 25. b4 Kh8 26. Qxf7 Qd8 27. Bb3 Kh7 28. Bxd1 1-0

[Event "KUW Challenge Cup 2nd"]
[Site "Kuwait"]
[Date "2017.09.17"]
[Round "1.2"]
[White "Alkandari, Adel"]
[Black "Alsharhan, Musaed"]
[Result "0-1"]
[WhiteElo "1149"]
[BlackElo "1705"]
[PlyCount "54"]
[EventDate "2017.09.17"]
[EventType "team-swiss"]
[EventRounds "9"]
[EventCountry "KUW"]
[SourceTitle "EXT 2019"]
[Source "ChessBase"]
[SourceDate "2018.10.10"]
[SourceVersion "1"]
[SourceVersionDate "2018.10.10"]
[SourceQuality "1"]

1. d4 d5 2. c4 e6 3. Nc3 c6 4. Nf3 dxc4 5. a4 Bb4 6. e4 b5 7. axb5 cxb5 8. Bd2 Bxc3 9. Bxc3 Bb7 10. e5 Ne7 11. Be2 0-0 12. 0-0 Nbc6 13. b3 b4 14. Bb2 c3 15. Bc1 h6 16. Qd3 a5 17. Be3 Ba6 18. Qc2 Bxe2 19. Qxe2 Qd5 20. Qc2 Rfd8 21. Rfd1 Nf5 22. Rd3 Rd7 23. Ra4 Qe4 24. Qd1 Rad8 25. Qb1 Nfxd4 26. Nxd4 Nxd4 27. Bxd4 Rxd4 0-1